[Event "Match"]
[Site "www.echecsemail.com"]
[Date "2016.11.03"]
[Round "1"]
[White "Olddog55"]
[Black "Coraza8091"]
[WhiteElo "1760"]
[BlackElo "1500"]
[Result "1-0"]
[Round "1"]
1.d4 e6
2.Ng1f3 Ng8f6
3.e3 Bf8b4
4.Nb1d2 Bb4xd2
5.Bc1xd2 Nb8c6
6.Bf1d3 b6
7.O-O Bc8b7
8.Nf3e5 d6
9.Ne5c4 d5
10.Nc4e5 Nc6xe5
{ time. }
1-0

[Event "Match"]
[Site "www.echecsemail.com"]
[Date "2016.11.03"]
[Round "1"]
[White "Ztornad"]
[Black "Ditto"]
[WhiteElo "1790"]
[BlackElo "1920"]
[Result "0-1"]
[Round "1"]
1.Nb1c3 e5
2.e4 Bf8c5
3.Qd1f3 d6
4.Bf1c4 Qd8e7
5.Nc3d5 Qe7d7
6.Ng1h3 c6
7.Nd5e3 Ng8f6
8.Nh3g5 O-O
9.O-O Qd7e7
10.Ne3f5 Bc8xf5
11.Qf3xf5 Nb8d7
12.a3 Bc5b6
13.d3 Bb6d4
14.c3 Bd4b6
15.Bc1e3 Bb6xe3
16.fxe3 Qe7d8
17.Ra1d1 Qd8b6
18.b4 Qb6xe3
19.Rf1f2 Qe3b6
20.Ng5xh7 Nf6xh7
21.Qf5xd7 Ra8d8
22.Qd7f5 Qb6c7
23.Rd1f1 Rd8d7
24.Rf2f3 Nh7f6
25.Qf5h3 b5
26.Bc4b3 Nf6h7
27.Rf3g3 d5
28.Rf1e1 Rd7d6
29.Qh3f5 Rd6f6
30.Qf5g4 Rf6g6
31.Qg4h5 Rg6xg3
32.hxg3 Qc7d6
33.Re1f1 Nh7f6
34.Qh5h4 c5
35.exd5 cxb4
36.Qh4xb4 Qd6b8
 { time }
0-1

[Event "Match"]
[Site "www.echecsemail.com"]
[Date "2016.11.03"]
[Round "1"]
[White "Pwain"]
[Black "Stanch3vv"]
[WhiteElo "2360"]
[BlackElo "1499"]
[Result "1-0"]
[Round "1"]
1.e4 e5
2.Ng1f3 Nb8c6
3.Bf1b5 a6
4.Bb5a4 Ng8f6
5.O-O Bf8e7
6.Ba4xc6 dxc6
7.d3 Bc8g4
8.h3 h5
9.hxg4 hxg4
10.Nf3xe5 Be7d6
11.d4 Qd8e7
12.f4 Nf6xe4
13.Qd1xg4 Rh8h4
14.Qg4f3  { time }
1-0

[Event "Match"]
[Site "www.echecsemail.com"]
[Date "2016.11.03"]
[Round "1"]
[White "Stanch3vv"]
[Black "Ericleo1980"]
[WhiteElo "1499"]
[BlackElo "2230"]
[Result "0-1"]
[Round "1"]
1.c4 c5
2.Nb1c3 Ng8f6
3.Ng1f3 d5
4.cxd5 Nf6xd5
5.d4 Nb8c6
6.e4 Nd5xc3
7.bxc3 cxd4
8.cxd4 Bc8g4
9.d5 Bg4xf3
10.Qd1xf3 Nc6d4
 { time }
0-1

[Event "Match"]
[Site "www.echecsemail.com"]
[Date "2016.11.03"]
[Round "1"]
[White "Coraza8091"]
[Black "Istomc"]
[WhiteElo "1510"]
[BlackElo "1630"]
[Result "0-1"]
[Round "1"]
1.e4 e5
2.Bf1c4 Nb8c6
3.Qd1f3 Ng8f6
4.g4 Nc6d4
5.Qf3d1 Nf6xe4
6.f3 Qd8h4
{ resign }
0-1

[Event "Match"]
[Site "www.echecsemail.com"]
[Date "2016.11.03"]
[Round "1"]
[White "Genius5"]
[Black "Paco"]
[WhiteElo "1620"]
[BlackElo "1890"]
[Result "0-1"]
[Round "1"]
1.c4 d5
2.cxd5 Qd8xd5
3.Nb1c3 Qd5a5
4.d4 e5
5.dxe5 Qa5xe5
6.Ng1f3 Qe5a5
7.Bc1d2 Ng8f6
8.e3 Nb8c6
9.Bf1b5 Bf8b4
10.Bb5xc6 bxc6
11.a3 Bb4xc3
12.Bd2xc3 Qa5b5
13.Qd1e2 Qb5b3
14.O-O O-O
15.Bc3xf6 gxf6
 { time }
0-1

[Event "Match"]
[Site "www.echecsemail.com"]
[Date "2016.11.03"]
[Round "1"]
[White "Roohbakhsh"]
[Black "Pinehill"]
[WhiteElo "1499"]
[BlackElo "2050"]
[Result "0-1"]
[Round "1"]
1.d4 Ng8f6
2.c4 e6
3.Ng1f3 b6
4.g3 Bc8b7
5.Bf1g2 Bf8b4
6.Bc1d2 Bb4e7
7.O-O O-O
8.Nb1c3 c5
9.Bd2f4 d6
10.dxc5 dxc5
11.Qd1c2 Nb8c6
12.Ra1d1 Qd8c8
13.e4 Rf8d8
14.e5 Nf6e8
15.Rd1xd8 Be7xd8
16.Rf1d1 Bd8c7
17.Nf3g5 g6
18.Ng5e4 Nc6d4
19.Qc2d2 Qc8d7
20.Bf4g5 Bc7xe5
21.Nc3b5 f6
22.Bg5e3 Ra8d8
23.Kf1 a6
24.Nb5c3 f5
25.Ne4g5 Bb7xg2
26.Kxg2 Be5f6
27.Be3xd4 Bf6xg5
28.Qd2xg5 cxd4
29.Nc3e2 e5
30.b3 d3
31.Ne2c3 e4
32.Nc3d5 b5
33.Nd5b6 Qd7d6
34.Nb6d5 Kg7
35.Nd5e3 Qd6f6
36.Qg5xf6 Ne8xf6
37.f3 bxc4
38.bxc4 Rd8b8
39.fxe4 fxe4
40.Rd1d2 Rb8b1
41.Ne3d1 Nf6g4
42.Nd1c3 Rb1c1
43.Nc3xe4 Rc1xc4
44.Ne4f2 Ng4e3
45.Kf3 Ne3f1
46.Rd2xd3 Nf1xh2
47.Kg2 Rc4c2
48.Rd3d4 h5
49.a4 Nh2g4
50.Rd4f4 Rc2xf2
51.Rf4xf2 Ng4xf2
52.Kxf2 g5
53.Ke3 Kf6
54.Ke4 h4
55.gxh4 gxh4
56.Kf4 Ke6
57.Kg4 Kd5
58.Kxh4 Kc4
59.Kg4 Kb4
60.Kf4 Kxa4
61.Ke4 Kb3
{ resign }
0-1

[Event "Match"]
[Site "www.echecsemail.com"]
[Date "2016.11.03"]
[Round "1"]
[White "Azulmarino"]
[Black "Sagara1977"]
[WhiteElo "1620"]
[BlackElo "1460"]
[Result "1-0"]
[Round "1"]
1.e4 e5
2.Ng1f3 Qd8f6
3.Bf1c4 Bf8c5
4.Nb1c3 c6
5.d3 d5
6.exd5 Bc5b4
7.Bc1d2 Bb4xc3
8.Bd2xc3 c5
9.Bc3xe5 Qf6b6
10.Be5xg7 Qb6g6
11.Bg7xh8 Qg6xg2
12.Qd1e2 Kd8
13.Rh1g1 Qg2h3
14.Rg1xg8 Kc7
15.Qe2e7 Bc8d7
16.Qe7xc5 Bd7c6
17.Bh8e5 Kd7
18.Qc5d6 { resign }
1-0

[Event "Match"]
[Site "www.echecsemail.com"]
[Date "2016.11.03"]
[Round "1"]
[White "Jwc"]
[Black "Manuelito"]
[WhiteElo "1499"]
[BlackElo "1670"]
[Result "0-1"]
[Round "1"]
1.c4 Ng8f6
2.d4 e6
3.Ng1f3 d6
4.g3 Bf8e7
5.Bf1g2 O-O
6.O-O Bc8d7
7.e3 Nb8c6
8.Nb1c3 Rf8e8
9.d5 exd5
10.cxd5 Nc6b4
11.a3 Nb4a6
12.e4 Na6c5
13.Rf1e1 c6
14.e5 dxe5
15.Nf3xe5 cxd5
16.b4 Nc5e6
17.Ne5xd7 Qd8xd7
18.Nc3xd5 Nf6xd5
19.Bc1b2 Ra8d8
20.Qd1g4 Nd5f6
21.Qg4e2 Qd7c8
22.Ra1c1 Qc8b8
23.Bb2e5 Be7d6
24.Rc1d1 Bd6xe5
25.f4 Rd8xd1
26.Re1xd1 Be5d4
27.Kh1 Ne6xf4
28.Qe2f3 Nf4xg2
29.Qf3xg2 Bd4b6
30.a4 a6
31.a5 Bb6a7
32.h4 h5
33.Qg2d2 Qb8xg3
34.Rd1g1 Qg3xg1
{ resign }
0-1

[Event "Match"]
[Site "www.echecsemail.com"]
[Date "2016.11.03"]
[Round "1"]
[White "Joseph1983"]
[Black "Micheles"]
[WhiteElo "2090"]
[BlackElo "2580"]
[Result "0-1"]
[Round "1"]
1.d4 Ng8f6
2.c4 g6
3.Nb1c3 d5
4.cxd5 Nf6xd5
5.e4 Nd5xc3
6.bxc3 Bf8g7
7.Bf1c4 c5
8.Ng1e2 O-O
9.O-O Nb8c6
10.Bc1e3 Qd8c7
11.Ra1c1 Rf8d8
12.Qd1d2 Qc7a5
13.Qd2b2 b6
14.Qb2b3 e6
15.Rf1d1 Bc8a6
16.Ne2f4 cxd4
17.cxd4 Nc6xd4
18.Be3xd4 Rd8xd4
19.Rd1xd4 Bg7xd4
20.Bc4xe6 Qa5d2
21.Be6xf7 Kh8
22.Rc1d1 Qd2xf2
23.Kh1 Ba6f1
{ resign }
0-1

[Event "Match"]
[Site "www.echecsemail.com"]
[Date "2016.11.03"]
[Round "1"]
[White "Azulmarino"]
[Black "Sagara1977"]
[WhiteElo "1630"]
[BlackElo "1400"]
[Result "0-1"]
[Round "1"]
1.e4 e5
2.Ng1f3 Qd8f6
3.Bf1e2 Bf8c5
4.d3 h6
5.Nb1c3 Nb8c6
6.Nc3b5 Bc5b6
7.a3 a6
8.Nb5c3 Nc6d4
9.Bc1e3 Nd4xe2
10.Nc3d5 Qf6d6
11.Qd1xe2 c6
12.Nd5xb6 Ra8b8
13.Nb6c4 Qd6e6
14.Nf3xe5 d5
15.exd5 cxd5
16.Ne5xf7 Kxf7
17.Qe2f3 Ng8f6
18.Nc4b6 Rh8d8
19.O-O d4
20.Be3xd4 Rd8xd4
21.Rf1e1 Qe6xb6
22.Re1e5 Qb6xb2
23.Ra1e1 Qb2xa3
24.Re5e7 Qa3xe7
25.Re1xe7 Kxe7
26.Qf3e3 Kf7
27.Qe3xd4 b5
28.Qd4c5 Bc8d7
29.h3 Rb8c8
30.Qc5a7 Rc8xc2
31.Qa7xa6 Rc2d2
32.Qa6a3 Nf6d5
33.Qa3b3 Ke6
34.Qb3b1 Rd2e2
35.Kf1 Kd6
36.Kxe2 Nd5c3
37.Kd2 Nc3xb1
38.Kc2 Bd7f5
39.Kxb1 Bf5xd3
40.Kb2 Kc5
41.f4 Kb4
42.g4 g6
43.h4 Ka4
44.Kc3 Ka3
45.Kxd3 b4
46.Kc2 Ka2
47.f5 b3
48.Kd2 b2
49.f6 b1Q
50.g5 Qb1b8
51.h5 hxg5
52.hxg6 Qb8b7
53.f7 Qb7e7
54.Kd3 Qe7f6
55.g7 Qf6xg7
{ resign }
0-1

[Event "Match"]
[Site "www.echecsemail.com"]
[Date "2016.11.03"]
[Round "1"]
[White "Nulladies"]
[Black "Genius5"]
[WhiteElo "1780"]
[BlackElo "1620"]
[Result "1-0"]
[Round "1"]
1.d4 Ng8f6
2.Bc1f4 d6
3.Ng1f3 g6
4.e3 Bf8g7
5.c4 O-O
6.Nb1c3 c6
7.Bf1e2 Bc8g4
8.h3 Bg4xf3
9.Be2xf3 Nb8d7
10.O-O e5
11.Bf4h2 Qd8e7
12.Qd1d2 Rf8e8
13.Rf1e1 h6
14.b4 Qe7d8
15.Ra1d1 Qd8e7
16.d5 cxd5
17.Bf3xd5 Nf6xd5
18.Nc3xd5 Qe7d8
19.e4 Nd7f6
20.Nd5xf6  { time }
1-0

[Event "1/128 Finale"]
[Site "www.chess-mail.com"]
[Date "2016.11.03"]
[Round "1"]
[White "Redapond1"]
[Black "Mitja"]
[WhiteElo "1499"]
[BlackElo "1980"]
[Result "1-0"]
[Round "1"]
1.d4 d5
2.Bc1f4 e6
3.Nb1c3 c6
4.e3 h6
5.Ng1f3 Ng8e7
6.Bf1d3 Ne7g6
7.Bd3xg6 fxg6
8.O-O Nb8d7
9.Qd1d3 Qd8f6
10.Bf4e5 Nd7xe5
11.Nf3xe5 g5
12.f4 gxf4
13.Rf1xf4 { resign }
1-0

[Event "1/64 Finale"]
[Site "www.chess-mail.com"]
[Date "2016.11.03"]
[Round "1"]
[White "Mitja"]
[Black "Attatroll"]
[WhiteElo "1990"]
[BlackElo "1940"]
[Result "1/2-1/2"]
[Round "1"]
1.d4 e5
2.dxe5 Nb8c6
3.c3 Nc6xe5
4.e3 Ng8f6
5.Ng1f3 Ne5g6
6.b3 Bf8c5
7.Bc1b2 O-O
8.Bf1d3 d6
9.Bd3c2 Bc8g4
10.h3 Bg4xf3
11.Qd1xf3 c6
12.O-O Rf8e8
13.Nb1d2 Ng6e5
14.Qf3e2 Ne5g6
15.Ra1d1 Ng6f4
16.Qe2f3 Nf4g6
17.Bc2xg6 hxg6
{ draw }
1/2-1/2

[Event "Eq:Equipo Juan Diaz-Los Tercios : "]
[Site "www.chess-mail.com"]
[Date "2016.11.03"]
[Round "1"]
[White "Naujzaid"]
[Black "Azorau"]
[WhiteElo "2110"]
[BlackElo "1870"]
[Result "1-0"]
[Round "1"]
1.d4 d5
2.c4 dxc4
3.Ng1f3 Ng8f6
4.e3 b5
5.a4 Qd8d5
6.axb5 Qd5xb5
7.Nf3e5 Qb5b4
8.Nb1c3 Nf6d5
9.Bc1d2 Qb4xb2
10.Nc3xd5 Nb8a6
11.Ra1xa6 Qb2b7
12.Qd1a4 c6
13.Ra6xc6 Bc8d7
14.Ne5xd7 Qb7b1
15.Ke2 Qb1d3
16.Kd1 Qd3b1
17.Bd2c1 e6
18.Rc6c8 Ra8xc8
19.Nd7f6 { resign }
1-0

[Event "Fast Game"]
[Site "www.echecsemail.com"]
[Date "2016.11.03"]
[Round "1"]
[White "Guidom"]
[Black "Romaamor69"]
[WhiteElo "1929"]
[BlackElo "2110"]
[Result "0-1"]
[Round "1"]
1.e4 e6
2.d4 d5
3.exd5 exd5
4.Ng1f3 Ng8f6
5.Bc1f4 Bf8d6
6.Bf4xd6 Qd8xd6
7.c3 O-O
8.Bf1e2 Rf8e8
9.O-O c6
10.Nb1d2 Bc8g4
11.Rf1e1 Nb8d7
12.h3 Bg4f5
13.Be2f1 Qd6f4
14.Qd1b3 Nf6e4
15.Nd2xe4 dxe4
16.Nf3e5 Nd7xe5
17.dxe5 b6
18.Qb3c4 c5
19.Ra1d1 Re8xe5
20.Re1e3 Bf5g6
21.Rd1e1 Ra8e8
22.Qc4a6 Re5e7
23.Qa6b5 f5
24.Re1d1 Qf4g5
25.Re3g3 Qg5f6
26.Rg3e3 f4
27.Re3e1 Bg6h5
28.Rd1d7 Kf8
29.Rd7xe7 Re8xe7
30.Qb5a4 e3
31.fxe3 fxe3
32.Qa4c2 Qf6h4
33.Qc2f5 Kg8
34.Qf5d5 Re7f7
35.Qd5a8 Rf7f8
36.Qa8d5 Bh5f7
37.Qd5d1 Qh4f2
38.Kh1 Qf2d2
39.Qd1xd2 exd2
40.Re1d1 Rf8d8
41.b3 Bf7g6
42.Bf1c4 Kh8
43.Bc4e2 Bg6c2
44.Rd1f1 d1Q
45.Be2xd1 Rd8xd1
46.Rf1xd1 Bc2xd1
{ resign }
0-1

[Event "Tourn. n8821"]
[Site "www.chess-mail.com"]
[Date "2016.11.04"]
[Round "1"]
[White "Sontuozio"]
[Black "Ejner"]
[WhiteElo "2250"]
[BlackElo "2410"]
[Result "0-1"]
[Round "1"]
1.d4 Ng8f6
2.Ng1f3 g6
3.e3 Bf8g7
4.Bf1d3 d6
5.Nb1d2 O-O
6.b3 Nb8c6
7.Bc1b2 e5
8.dxe5 Nf6g4
9.Ra1b1 Ng4xe5
10.Nf3xe5 Nc6xe5
11.Bd3e2 b6
12.e4 Bc8b7
13.O-O Qd8e7
14.f4 Ne5d7
15.Bb2xg7 Kxg7
16.Be2f3 Ra8e8
17.Rf1e1 a5
18.c4 Nd7c5
19.Qd1c2 Qe7f6
20.g3 Qf6d4
21.Kg2 Nc5d3
22.Re1e2 Nd3b4
23.Qc2b2 Qd4xb2
24.Rb1xb2 Nb4d3
25.Rb2c2 Nd3b4
26.Rc2b2 Nb4d3
27.Rb2c2 Re8e7
28.Rc2c3 Nd3c5
29.Rc3e3 Rf8e8
30.e5 dxe5
31.Re3xe5 Re7xe5
32.Re2xe5 Re8xe5
33.fxe5 Bb7xf3
34.Kxf3 Kf8
35.Nd2e4 Nc5d3
36.Ne4f6 Nd3c1
37.Ke4 Nc1xa2
38.Kd4 h5
39.Nf6d5 Na2c1
40.Kc3 c6
41.Nd5xb6 Ke7
42.c5 Ke6
43.Kc4 g5
44.Nb6c8 g4
45.Nc8d6 Nc1e2
46.Nd6b7 Ne2xg3
47.Nb7xa5 Kd7
48.Na5b7 h4
49.Nb7d6 Ng3f1
50.Kd3 g3
51.hxg3 h3
52.Nd6e4 h2
53.Ne4f2 Nf1xg3
54.b4 h1Q
55.Nf2xh1 Ng3xh1
56.Kc4 Nh1f2
57.b5 cxb5
58.Kxb5 Nf2g4
59.e6 fxe6
60.c6 Kc7
61.Kc5 Ng4e5
{ resign }
0-1

[Event "Tourn. n9005"]
[Site "www.chess-mail.com"]
[Date "2016.11.04"]
[Round "1"]
[White "Darko10"]
[Black "Foxy100"]
[WhiteElo "2640"]
[BlackElo "2300"]
[Result "1-0"]
[Round "1"]
1.e4 e5
2.Ng1f3 Nb8c6
3.Bf1b5 a6
4.Bb5xc6 dxc6
5.O-O Bc8g4
6.h3 h5
7.d3 Qd8f6
8.Nb1d2 Bf8d6
9.Rf1e1 Bg4xf3
10.Nd2xf3 Qf6e6
11.Bc1e3 O-O-O
12.c3 f6
13.Qd1b3 Qe6xb3
14.axb3 c5
15.Re1d1 Ng8e7
16.Kf1 g5
17.Ke2 h4
18.Nf3d2 Rh8h7
19.Nd2c4 Ne7c6
20.Ra1a2 Bd6f8
21.Be3d2 Kd7
22.Ra2a1 Ke6
23.Bd2e3 Rd8a8
24.Be3c1 Rh7d7
25.Nc4e3 Nc6e7
26.Ra1a5 Kf7
27.Ne3g4 Ne7c6
28.Ra5a1 Ke6
29.Kd2 Kf7
30.Kc2 Kg6
31.Ng4e3 b6
32.g3 hxg3
33.fxg3 a5
34.h4 Nc6e7
35.Rd1h1 gxh4
36.gxh4 Ra8d8
37.Ne3g4 Bf8g7
38.h5 Kh7
39.Rh1f1 Rd7d6
40.Rf1f3 Rd8d7
41.Ng4f2 Ne7g8
42.Rf3g3 Bg7h6
43.Bc1d2 Bh6xd2
44.Kxd2 Ng8h6
45.Ra1g1 Rd7e7
46.Rg3g6 Re7f7
47.Ke2 Rf7d7
48.Rg1g3 Rd7f7
49.Nf2d1 f5
50.Rg6xd6 { resign }
1-0

[Event "Tourn. n9008"]
[Site "www.chess-mail.com"]
[Date "2016.11.04"]
[Round "1"]
[White "Picifarkinca"]
[Black "Ztornad"]
[WhiteElo "1930"]
[BlackElo "1820"]
[Result "1-0"]
[Round "1"]
1.Ng1f3 Ng8f6
2.c4 g6
3.b3 Bf8g7
4.Bc1b2 O-O
5.g3 b6
6.Bf1g2 Bc8b7
7.Nb1c3 Nf6e4
8.Qd1c2 Ne4c5
9.O-O e5
10.Ra1d1 e4
11.Nc3xe4 Bg7xb2
{ time. }
1-0

[Event "Tourn. n8966"]
[Site "www.chess-mail.com"]
[Date "2016.11.04"]
[Round "1"]
[White "Liencam2"]
[Black "Kampungboy"]
[WhiteElo "2350"]
[BlackElo "2460"]
[Result "0-1"]
[Round "1"]
1.e4 d5
2.exd5 Qd8xd5
3.Nb1c3 Qd5a5
4.Bf1c4 Ng8f6
5.d3 a6
6.Bc1d2 e6
7.Ng1f3 Qa5h5
8.Qd1e2 b5
9.Bc4b3 Bc8b7
10.O-O-O h6
11.Nc3e4 Nf6xe4
12.dxe4 Bf8d6
13.h3 Nb8d7
14.Rh1e1 Nd7c5
15.e5 Bd6e7
16.Bd2e3 O-O
17.Rd1d4 Ra8d8
18.Rd4g4 Nc5xb3
19.cxb3 Rd8d7
20.Nf3d4 Kh8
21.Kb1 Rf8d8
22.a3 c5
23.Nd4c2 Bb7d5
24.b4 cxb4
25.Nc2xb4 Bd5b3
26.Nb4c2 Qh5f5
27.Rg4f4 Bb3xc2
28.Qe2xc2 Rd7d1
29.Re1xd1 Rd8xd1
30.Be3c1 Rd1xc1
31.Kxc1 Qf5xf4
32.Kb1 Qf4xe5
33.Qc2c8 Kh7
34.Qc8xa6 Be7f6
35.Kc1 Qe5e1
{ resign }
0-1

[Event "Tourn. n8984"]
[Site "www.chess-mail.com"]
[Date "2016.11.04"]
[Round "1"]
[White "Cal"]
[Black "Roque1"]
[WhiteElo "1670"]
[BlackElo "1710"]
[Result "0-1"]
[Round "1"]
1.d4 d5
2.h3 Nb8c6
3.e3 Ng8f6
4.a3 Bc8f5
5.Nb1c3 e6
6.Ng1f3 Bf8d6
7.Bf1b5 O-O
8.Bb5xc6 bxc6
9.b4 a5
10.b5 Qd8d7
11.Nc3e2 cxb5
12.c3 b4
13.cxb4 axb4
14.a4 Rf8b8
15.O-O b3
16.Bc1b2 Bf5c2
17.Qd1d2 Nf6e4
18.Qd2c1 Ra8xa4
19.Ra1xa4 Qd7xa4
20.Nf3e1 Qa4c4
21.Ne2f4 Bd6b4
22.Ne1xc2 bxc2
23.Kh2 Bb4d2
24.Qc1a1 Qc4xf1
25.Qa1xf1 Rb8xb2
26.f3 c1Q
27.Qf1a6 h6
28.Qa6c8 Kh7
29.Qc8f8 Ne4f2
30.Nf4h5 Qc1h1
31.Kg3 Nf2e4
32.Kh4 g5
33.Kg4 Qh1xg2
34.Nh5g3 Qg2xg3
35.Kh5 Qg3xh3
{ resign }
0-1

[Event "Tourn. n9010"]
[Site "www.chess-mail.com"]
[Date "2016.11.04"]
[Round "1"]
[White "Cernunnoss"]
[Black "Caspito"]
[WhiteElo "1720"]
[BlackElo "1780"]
[Result "0-1"]
[Round "1"]
1.e4 e5
2.Ng1f3 Nb8c6
3.Bf1b5 a6
4.Bb5xc6 dxc6
5.O-O Bc8g4
6.h3 Bg4h5
7.g4 Bh5g6
8.Nf3xe5 Qd8h4
9.Qd1f3 Ng8f6
10.Ne5xg6 fxg6
11.Nb1c3 O-O-O
12.d3 Bf8d6
13.Kg2 { time. }
0-1

[Event "Tourn. n8974"]
[Site "www.chess-mail.com"]
[Date "2016.11.04"]
[Round "1"]
[White "Vasylpuzanov"]
[Black "Pariolinius"]
[WhiteElo "1710"]
[BlackElo "1840"]
[Result "0-1"]
[Round "1"]
1.e4 c5
2.Ng1f3 d6
3.d4 cxd4
4.Qd1xd4 Nb8c6
5.Bf1b5 Bc8d7
6.Bb5xc6 Bd7xc6
7.Nb1c3 e5
8.Qd4d3 Ng8f6
9.Bc1g5 Bf8e7
10.O-O O-O
11.h3 h6
12.Bg5xf6 Be7xf6
13.Nc3d5 a6
14.c4 Ra8c8
15.Nf3d2 Bf6g5
16.Nd2f3 Bc6xd5
17.cxd5 Bg5e7
18.Ra1c1 Qd8d7
 { time }
0-1

[Event "Tourn. n8965"]
[Site "www.chess-mail.com"]
[Date "2016.11.04"]
[Round "1"]
[White "Genius5"]
[Black "Nulladies"]
[WhiteElo "1620"]
[BlackElo "1780"]
[Result "0-1"]
[Round "1"]
1.e4 c5
2.c4 Nb8c6
3.Ng1f3 g6
4.d4 Bf8g7
5.d5 Nc6e5
6.Nb1c3 d6
7.Bf1e2 e6
8.O-O Ng8f6
9.Nf3xe5 dxe5
10.Bc1g5 h6
11.Bg5xf6 Bg7xf6
12.Qd1c2 O-O
13.Ra1d1 Bf6e7
14.dxe6 Bc8xe6
15.Rd1xd8 Ra8xd8
16.Nc3d5 Be7d6
17.Rf1d1 f5
18.f3 fxe4
19.fxe4 Rf8f7
 { time }
0-1

[Event "Match"]
[Site "www.echecsemail.com"]
[Date "2016.11.04"]
[Round "1"]
[White "Add"]
[Black "Ztornad"]
[WhiteElo "2080"]
[BlackElo "1820"]
[Result "1-0"]
[Round "1"]
1.e4 e5
2.Ng1f3 d6
3.h3 a6
4.Bf1c4 Qd8f6
5.Nb1c3 Nb8c6
6.Nc3d5 Qf6d8
7.d3 h6
8.Bc1d2 Nc6d4
9.c3 Ng8f6
{ time. }
1-0

[Event "Match"]
[Site "www.echecsemail.com"]
[Date "2016.11.04"]
[Round "1"]
[White "Ztornad"]
[Black "Irene"]
[WhiteElo "1820"]
[BlackElo "2020"]
[Result "0-1"]
[Round "1"]
1.e4 c5
2.b3 Ng8f6
3.Bf1c4 a6
4.Nb1c3 b5
5.Bc4e2 Bc8b7
6.f3 e6
7.a4 b4
8.Nc3a2 Bf8d6
9.Bc1b2 { time. }
0-1

[Event "Match"]
[Site "www.echecsemail.com"]
[Date "2016.11.04"]
[Round "1"]
[White "Genius5"]
[Black "Whitekknight"]
[WhiteElo "1620"]
[BlackElo "1980"]
[Result "0-1"]
[Round "1"]
1.d4 d5
2.Bc1f4 Ng8f6
3.e3 Nb8c6
4.Ng1f3 Bc8g4
5.Bf1b5 Qd8d7
6.h3 Bg4xf3
7.Qd1xf3 e6
8.Nb1d2 a6
9.Bb5xc6 Qd7xc6
10.O-O-O Bf8e7
11.Kb1 O-O
12.c4 b6
13.g4 h6
14.cxd5 Nf6xd5
15.Rd1c1 Qc6d7
16.Nd2e4 Nd5xf4
17.Qf3xf4 Ra8c8
18.h4 Kh7
19.g5 Qd7d5
20.Rh1g1 Qd5f5
21.Qf4xf5 exf5
22.Ne4g3 g6
23.Ng3e2 h5
24.Rc1c6 Be7d6
25.Rg1c1 Rc8b8
 { time }
0-1

[Event "Match"]
[Site "www.echecsemail.com"]
[Date "2016.11.04"]
[Round "1"]
[White "Coraza"]
[Black "Wagner"]
[WhiteElo "1830"]
[BlackElo "1810"]
[Result "0-1"]
[Round "1"]
1.e4 e5
2.Ng1f3 Nb8c6
3.Bf1c4 Ng8h6
4.d3 f6
5.Bc1xh6 gxh6
6.O-O d6
7.h3 f5
8.Bc4b5 Qd8d7
9.d4 fxe4
10.Bb5xc6 bxc6
11.Nf3d2 Qd7f5
12.d5 cxd5
13.Nb1c3 c6
14.a4 a5
15.f3 Rh8g8
16.g4 Qf5f4
17.Nc3e2 Qf4f6
18.Ne2g3 Qf6h4
19.Kg2 Bf8e7
20.fxe4 dxe4
21.Nd2xe4 Ra8b8
22.b3 Rb8b4
23.Ng3f5 Rg8xg4
24.hxg4 Bc8xf5
25.gxf5 Rb4xe4
26.Rf1h1 Qh4g5
27.Kf2 Qg5e3
28.Kf1 Re4f4
29.Kg2 Qe3f2
{ resign }
0-1

[Event "Match"]
[Site "www.echecsemail.com"]
[Date "2016.11.04"]
[Round "1"]
[White "Joseph1983"]
[Black "Liencam2"]
[WhiteElo "2130"]
[BlackElo "2360"]
[Result "1-0"]
[Round "1"]
1.e4 c5
2.Ng1f3 e6
3.d4 cxd4
4.Nf3xd4 a6
5.g3 d5
6.e5 Nb8c6
7.Nd4xc6 bxc6
8.Bf1g2 Bf8c5
9.O-O Ng8e7
10.c4 Ne7g6
11.cxd5 cxd5
12.Nb1c3 Ng6xe5
13.Rf1e1 Qd8f6
14.Qd1e2 Bc5d6
15.Bc1f4 Ne5c4
16.Bf4xd6 Nc4xd6
17.Nc3xd5 Qf6d8
18.Nd5f6 Qd8xf6
19.Bg2xa8 O-O
20.Re1d1 Nd6b7
21.Ra1c1 e5
22.Rc1xc8 Rf8xc8
23.Ba8xb7 { resign }
1-0

[Event "Match"]
[Site "www.echecsemail.com"]
[Date "2016.11.04"]
[Round "1"]
[White "Mitja"]
[Black "Bojan"]
[WhiteElo "1970"]
[BlackElo "1980"]
[Result "1-0"]
[Round "1"]
1.d4 d5
2.e3 Bc8d7
3.h3 c6
4.c3 Qd8c7
5.Ng1e2 e5
6.dxe5 Qc7xe5
7.Ne2g3 Ng8f6
8.Nb1d2 Bf8c5
9.Nd2f3 Qe5c7
10.Bf1e2 h6
11.b3 Bc5d6
12.Ng3f1 O-O
13.Bc1b2 Qc7a5
14.Nf1d2 Bd7f5
15.Nf3d4 Bf5g6
16.Nd2f3 Nf6e4
17.b4 Qa5c7
18.a3 Nb8d7
19.Nf3d2 Ne4g5
20.Nd4f3 Ng5xf3
21.Nd2xf3 Nd7b6
22.Be2d3 Bg6h5
23.Bd3e2 Ra8d8
24.Qd1d4 Nb6a4
25.Ra1b1 f6
26.Nf3h4 Bd6e5
27.Qd4d2 Bh5xe2
28.Kxe2 Rf8e8
29.Rh1e1 Qc7f7
30.Nh4f3 Be5c7
31.Kf1 b5
32.Bb2a1 a5
33.Nf3d4 Rd8d6
34.Qd2e2 Qf7g6
35.Rb1d1 f5
36.Qe2d3 Rd6f6
37.Qd3e2 f4
38.Qe2d3 Qg6g5
39.exf4 Re8xe1
40.Rd1xe1 Qg5xf4
41.Qd3e2 Kh7
42.Nd4f3 Rf6g6
43.g3 Qf4f5
44.Nf3h4 Qf5xh3
45.Kg1 Rg6g4
46.Qe2c2 Kg8
47.Re1e8 Kf7
48.Qc2e2 Rg4e4
49.Qe2h5 { resign }
1-0

[Event "Match"]
[Site "www.echecsemail.com"]
[Date "2016.11.04"]
[Round "1"]
[White "Paco"]
[Black "Stanch3vv"]
[WhiteElo "1900"]
[BlackElo "1499"]
[Result "1-0"]
[Round "1"]
1.e4 e5
2.Ng1f3 Nb8c6
3.Bf1c4 Ng8f6
4.Nf3g5 d5
5.Bc4b3 Nc6d4
6.Bb3a4 b5
7.c3 bxa4
8.cxd4 exd4
9.Qd1xa4 Bc8d7
10.e5 Bd7xa4
11.exf6 Qd8xf6
12.d3 Bf8b4
13.Kf1  { time }
1-0

[Event "Match"]
[Site "www.echecsemail.com"]
[Date "2016.11.04"]
[Round "1"]
[White "Genius2"]
[Black "Nulladies"]
[WhiteElo "1720"]
[BlackElo "1770"]
[Result "0-1"]
[Round "1"]
1.b4 d5
2.Bc1b2 Bc8f5
3.e3 Ng8f6
4.Ng1f3 e6
5.a3 c5
6.c3 c4
7.d3 b5
8.dxc4 bxc4
9.Nb1d2 Qd8b6
10.Bf1e2 Nb8c6
11.O-O Bf8d6
12.Nf3d4 O-O
13.Nd4xc6 Qb6xc6
14.a4 Rf8b8
15.b5 Qc6d7
 { time }
0-1

[Event "Match"]
[Site "www.echecsemail.com"]
[Date "2016.11.04"]
[Round "1"]
[White "Tonino1"]
[Black "Libiesse"]
[WhiteElo "2030"]
[BlackElo "2010"]
[Result "1/2-1/2"]
[Round "1"]
1.f4 c5
2.e3 Nb8c6
3.d4 d5
4.b3 cxd4
5.exd4 Ng8f6
6.Bf1d3 g6
7.Bc1b2 Bf8g7
8.Ng1f3 O-O
9.Nb1d2 Bc8g4
10.a3 Qd8c7
11.g3 Rf8e8
12.O-O Ra8d8
13.Qd1e1 a6
14.Nf3e5 Nc6xe5
15.fxe5 Nf6d7
16.Ra1c1 Qc7b6
17.Kg2 Qb6c6
18.Nd2f3 b5
{ draw }
1/2-1/2

[Event "Match"]
[Site "www.echecsemail.com"]
[Date "2016.11.04"]
[Round "1"]
[White "Raulazo"]
[Black "Irene"]
[WhiteElo "1910"]
[BlackElo "2010"]
[Result "0-1"]
[Round "1"]
1.Ng1f3 d5
2.b3 Nb8c6
3.Bc1b2 f6
4.g3 e5
5.d4 e4
6.Nf3h4 g5
7.Nh4g2 Bc8g4
8.Ng2e3 Bg4h5
9.g4 Bh5f7
10.Bb2c3 Bf7e6
11.h4 Qd8d7
12.f3 Qd7d6
13.Rh1g1 Qd6h2
14.Rg1g2 Qh2xh4
15.Kd2 exf3
16.exf3 O-O-O
17.Bf1b5 Rd8e8
18.Bb5xc6 bxc6
19.Bc3a5 c5
20.Qd1e2 cxd4
21.Qe2a6 Kd8
22.Ne3f1 Be6c8
23.Ba5xc7 Kxc7
24.Qa6xa7 Bc8b7
25.Qa7a5 Kb8
26.Kd3 Qh4e1
27.Qa5xe1 Re8xe1
28.Nf1g3 Bf8c5
29.Kd2 Bc5b4
30.Kd3 Bb4c3
31.Nb1xc3 Re1xa1
32.Kxd4 Ra1e1
33.Ng3e2 Ng8e7
34.a4 h5
35.Nc3b5 h4
36.Rg2h2 Rh8e8
37.Nb5d6 Ne7c6
38.Kxd5 Re8xe2
39.Rh2xe2 Re1xe2
40.c4 Re2d2
41.Ke6 Nc6e5
42.Nd6f5 Bb7c8
43.Kxf6 Ne5xf3
44.Nf5e3 Rd2d6
45.Ke7 Rd6d3
46.Ne3d5 h3
47.Nd5b4 Rd3xb3
48.Nb4c6 Kc7
49.Nc6a5 Rb3e3
50.Kf8 h2
{ resign }
0-1

[Event "Match"]
[Site "www.echecsemail.com"]
[Date "2016.11.04"]
[Round "1"]
[White "Genius5"]
[Black "Llord"]
[WhiteElo "1620"]
[BlackElo "1890"]
[Result "0-1"]
[Round "1"]
1.Ng1f3 Nb8c6
2.e4 e5
3.Bf1b5 Qd8f6
4.Nb1c3 Bf8c5
5.O-O Ng8e7
6.d3 Nc6d4
7.Nf3xd4 Bc5xd4
8.Nc3e2 c6
9.Bb5a4 b5
10.Ba4b3 O-O
11.Ne2xd4 exd4
12.a4 Bc8b7
13.axb5 cxb5
14.f4 d6
15.Qd1e2 Rf8e8
16.e5 dxe5
17.fxe5 Qf6g6
18.Bb3xf7 Qg6xf7
19.Rf1xf7 Kxf7
20.Bc1g5 Kg8
21.Ra1f1 Ne7g6
22.e6 h6
23.Bg5f4 Ng6h4
24.Bf4g3 Nh4xg2
25.Rf1f2 Ng2e3
 { time }
0-1

[Event "Match"]
[Site "www.echecsemail.com"]
[Date "2016.11.04"]
[Round "1"]
[White "Cal"]
[Black "Manuelito"]
[WhiteElo "1680"]
[BlackElo "1599"]
[Result "1-0"]
[Round "1"]
1.c4 d5
2.cxd5 Qd8xd5
3.d4 Nb8c6
4.e3 e5
5.Ng1f3 exd4
6.Nb1c3 Qd5d8
7.exd4 Bc8f5
8.Bf1e2 Nc6b4
9.h3 Nb4c2
10.Kf1 Nc2xa1
11.Bc1f4 Na1c2
12.Be2d3 Bf5xd3
13.Qd1xd3 Nc2b4
14.Qd3b5 c6
15.Qb5e5 Qd8e7
16.a3 Qe7xe5
17.dxe5 Nb4d3
18.Nf3d4 Nd3xb2
19.Nd4f5 Bf8xa3
20.Nf5xg7 Kd7
21.g4 Ng8e7
22.Nc3e4 Rh8g8
23.Ne4f6 Kc7
24.e6 Kb6
25.Ng7h5 fxe6
26.Nf6xg8 Ra8xg8
27.Nh5f6 Rg8f8
28.Nf6d7 Ka6
29.Nd7xf8 Nb2d3
30.Bf4d6 Ne7c8
31.Bd6xa3 e5
32.Nf8xh7 b5
33.Nh7f6 b4
34.Ba3xb4 c5
35.Bb4c3 c4
36.Kg2 Kb5
37.Rh1b1 Kc5
38.Nf6d7 Kd5
39.Rb1b5 Kd6
40.Nd7f6 a6
41.Nf6e4 Kc6
42.Rb5b8 Nc8b6
43.Bc3a5 Nb6a4
44.Rb8c8 Kb5
45.Ba5c7 c3
46.Bc7d6 Nd3e1
47.Kg3 c2
48.Bd6a3 Na4b6
49.Rc8c5 Ka4
50.Ba3c1 Kb3
51.Rc5c3 Ka2
52.Ne4d2 Nb6a4
53.Rc3a3 { resign }
1-0